| 000 | 00597nam a22002177a 4500 | ||
|---|---|---|---|
| 003 | 3228 | ||
| 005 | 20250515155029.0 | ||
| 008 | 250515b sa ||||| |||| 00| 1 AFR d | ||
| 020 |
_a0628023103 _qhbk |
||
| 040 |
_aRDA _c3228 |
||
| 041 | _2A | ||
| 082 | _aAF LAMP | ||
| 100 |
_aLamprecht, I.D. _9109167 |
||
| 245 |
_aAnderkant die verste ster / _cI.D. Lamprecht |
||
| 260 |
_aJohannesburg : _bKlub Dagbreek, _c1982 |
||
| 300 |
_a140 pages _bJacket _c21 cm. |
||
| 655 | 0 |
_9189056 _aAfrikaans Fiction |
|
| 655 | 0 |
_9188670 _aHuman Relations Fiction |
|
| 655 | 0 |
_9189757 _aRomance |
|
| 942 |
_2ddc _cBK _w296 _xPhillipina Naude _y296 _zPhillipina Naude |
||
| 999 |
_c776354 _d776353 |
||